Conversando sobre educación en valores humanos

Uloženo v:
Podrobná bibliografie
Hlavní autor: Martinelli, Marilú (autora)
Médium: Kniha
Jazyk:španělština
Vydáno: Buenos Aires Longseller 2003
Vydání:1a. ed
Edice:Nueva Educación
Témata:
Tagy: Přidat tag
Žádné tagy, Buďte první, kdo vytvoří štítek k tomuto záznamu!

MARC

LEADER 00000nam a2200000 a 4500
001 UCL8995
003 CL-VaPUC
008 040716e20030000AG |||||||||||||||||spa|d
020 |a 9875503770 
082 0 4 |a 370.115  |b MAR  |2 21 
100 |a Martinelli, Marilú  |e autora  |9 486870 
245 1 0 |a Conversando sobre educación en valores humanos 
250 |a 1a. ed 
300 |a 124 p 
942 |c BK 
945 |d 20040716 00:00:00  |a cmena 
260 |a Buenos Aires  |b Longseller  |c 2003 
650 0 |a Educación moral  |9 308319 
650 0 |a Valores sociales  |9 309627 
650 7 |a DESARROLLO DE LA PERSONALIDAD  |2 CL-VaPUC  |9 311216 
650 0 |a Rol del docente  |9 329733 
650 0 |a Métodos de enseñanza  |9 270413 
583 |a last modification  |c 20040716 00:00:00  |k Rodrigo Vera 
490 0 |a Nueva Educación 
999 |c 309995  |d 309993 
952 |0 0  |1 0  |4 0  |6 370_115000000000000_MAR_2003  |7 0  |8 A  |9 377997  |a BIBEDU  |b BIBEDU  |d 2019-11-21  |i 4036867  |o 370.115 MAR 2003  |p 4036867  |r 2019-11-21  |w 2019-11-21  |y BK  |k EBA